Tres formas de coordinación social. A propósito de la "Sociedad de redes" de Dirk Messner /
Saved in:
| Main Author: | |
|---|---|
| Format: | Text |
| Subjects: | |
| Tags: |
Add Tag
No Tags, Be the first to tag this record!
|
MARC
| LEADER | 00000 a a2200000 04500 | ||
|---|---|---|---|
| 001 | 5026 | ||
| 003 | |||
| 040 | |||
| 100 | |a Lechner, Norbert | ||
| 245 | |a Tres formas de coordinación social. A propósito de la "Sociedad de redes" de Dirk Messner / |c Norbert Lechner | ||
| 650 | |a SOCIEDAD | ||
| 650 | |a MARGINALIDAD | ||
| 650 | |a GOBIERNO | ||
| 650 | |a GOBERNABILIDAD | ||
| 650 | |a PLANIFICACION DEL MERCADO | ||
| 773 | |g volumen 9, número 1 -2; páginas 45-62 | ||
| 999 | |c 23212 |d 23212 | ||
